| 000 | 00685nam a2200217 a 4500 | ||
|---|---|---|---|
| 005 | 20210223122436.0 | ||
| 008 | 991125s1986 es 000 0 spa u | ||
| 020 | _a8425213029 | ||
| 035 | _aUPN01000035766 | ||
| 049 | _aCG | ||
| 050 | 4 |
_aHF5548.4 L6 _bH9.48 |
|
| 100 | 1 | _aHughes, P. J. | |
| 245 | 1 | 0 |
_aLotus symphony : _bguía práctica para el usuario / _cP. J. Hughes, K. Ochi ; tr. Antonio Creus Sole. |
| 260 |
_aBarcelona, Esp. : _bG. Gili, _c1986. |
||
| 300 | _a202 p. | ||
| 440 | 0 | _aInformática de gestión | |
| 650 | 4 |
_aHOJAS DE CALCULO ELECTRONICAS _9292 |
|
| 650 | 4 |
_aLOTUS SYMPHONY (PROGRAMA PARA COMPUTADORA) _910726 |
|
| 700 | 1 |
_aOchi, Kaz, _ecoaut. |
|
| 905 | _aLibro | ||
| 999 |
_c35766 _d35766 |
||